La Argentina, geografía humana y económica (Registro nro. 2848)

Detalles MARC
000 -LEADER
fixed length control field 01348 a2200217 4500
001 - CONTROL NUMBER
control field 38051
005 - DATE AND TIME OF LATEST TRANSACTION
control field 20260407155646.0
008 - FIXED-LENGTH DATA ELEMENTS--GENERAL INFORMATION
fixed length control field 260407a1982 arg spa d
003 - CONTROL NUMBER IDENTIFIER
control field AR-UNSa-BCEJYS
040 ## - CATALOGING SOURCE
Original cataloging agency AR-UNSa-BCEJYS
Language of cataloging spa
Transcribing agency AR-UNSa-BCEJYS
080 ## - UNIVERSAL DECIMAL CLASSIFICATION NUMBER
Universal Decimal Classification number 911.3:33(82)
Common auxiliary subdivision Geografía económica argentina
020 ## - INTERNATIONAL STANDARD BOOK NUMBER
International Standard Book Number 950-568-005-8
100 1# - MAIN ENTRY--PERSONAL NAME
Personal name Carlevari, Isidro J.F.
245 10 - TITLE STATEMENT
Title La Argentina, geografía humana y económica
250 ## - EDITION STATEMENT
Edition statement 7a. ed
264 #1 - PRODUCTION, PUBLICATION, DISTRIBUTION, MANUFACTURE, AND COPYRIGHT NOTICE
Place of production, publication, distribution, manufacture Buenos Aires :
Name of producer, publisher, distributor, manufacturer ERGON
Date of production, publication, distribution, manufacture, or copyright notice 1982
300 ## - PHYSICAL DESCRIPTION
Extent x, 545 p.
Dimensions 24 cm.
505 ## - FORMATTED CONTENTS NOTE
Formatted contents note 1. El territorio continental - 2. Argentina insular - 3. Sector antártico - 4. Factores naturales indirectos autorrenovables - 5. Recursos naturales - 6. Regiones naturales - 7. El dominio del territorio nacional - 8. El poblamiento argentino - 9. Estática demográfica - 10. Dinámica Demográfica 11. Aspectos cualitativos y política poblacional - 12. Actividad agrpecuaria - 13. La tecnificación rural - 14. Producción agricola - 15. Cultivos industriales - 16. Frutas hortalizas,legumbres y plantas forrajeras - 17. Producción ganadera - 18. Pesca y caza - 19. Explotación forestal - 20. Minería - 21. Energía - 22. Industria - 23. Transportes y comunicaciones - 24. El comercio - 25. La argentina frente al futuro del mundo.
590 ## - LOCAL NOTE (RLIN)
Local note niveau_biblio:m niveau_hierar:0
942 ## - ADDED ENTRY ELEMENTS (KOHA)
Koha item type
Existencias
Withdrawn status Lost status Damaged status Not for loan Home library Current library Shelving location Date acquired Total checkouts Full call number Barcode Date last seen Price effective from Koha item type
        Biblioteca Prof. Eusebio Cleto del Rey Biblioteca Prof. Eusebio Cleto del Rey   07/04/2026   911.3:33(82) C278 7ed. L39320 07/04/2026 07/04/2026 Libro
        Biblioteca Prof. Eusebio Cleto del Rey Biblioteca Prof. Eusebio Cleto del Rey   07/04/2026   911.3:33(82) C278 7ed. L39321 07/04/2026 07/04/2026 Libro
        Biblioteca Prof. Eusebio Cleto del Rey Biblioteca Prof. Eusebio Cleto del Rey   07/04/2026   911.3:33(82) C278 7ed. L39322 07/04/2026 07/04/2026 Libro
        Biblioteca Prof. Eusebio Cleto del Rey Biblioteca Prof. Eusebio Cleto del Rey   07/04/2026   911.3:33(82) C278 7ed. L39323 07/04/2026 07/04/2026 Libro
        Biblioteca Prof. Eusebio Cleto del Rey Biblioteca Prof. Eusebio Cleto del Rey   07/04/2026   911.3:33(82) C278 7ed. L39324 07/04/2026 07/04/2026 Libro
        Biblioteca Prof. Eusebio Cleto del Rey Biblioteca Prof. Eusebio Cleto del Rey   07/04/2026   911.3:33(82) C278 7ed. L39318 07/04/2026 07/04/2026 Libro